Western civilization (Record no. 306683)
[ view plain ]
| 000 -LEADER | |
|---|---|
| fixed length control field | 00614nam a22001937a 4500 |
| 003 - CONTROL NUMBER IDENTIFIER | |
| control field | LC |
| 005 - DATE AND TIME OF LATEST TRANSACTION | |
| control field | 20170208172328.0 |
| 008 - FIXED-LENGTH DATA ELEMENTS--GENERAL INFORMATION | |
| fixed length control field | 170208b xxu||||| |||| 00| 0 eng d |
| 020 ## - INTERNATIONAL STANDARD BOOK NUMBER | |
| International Standard Book Number | 9781285436616 |
| 050 ## - LIBRARY OF CONGRESS CALL NUMBER | |
| Classification number | CB 245 SP755 2015 |
| 100 ## - MAIN ENTRY--PERSONAL NAME | |
| Personal name | Spielvogel, Jackson J. |
| Dates associated with a name | 1939- |
| 245 ## - TITLE STATEMENT | |
| Title | Western civilization |
| 250 ## - EDITION STATEMENT | |
| Edition statement | Ninth edition |
| 260 ## - PUBLICATION, DISTRIBUTION, ETC. (IMPRINT) | |
| Place of publication, distribution, etc | Stamford, CT : |
| Name of publisher, distributor, etc | Cengage Learning, |
| Date of publication, distribution, etc | c2015 |
| 300 ## - PHYSICAL DESCRIPTION | |
| Extent | xxxiv, 1018 pages : |
| Other physical details | illustrations, maps ; |
| Dimensions | 29 cm |
| 500 ## - GENERAL NOTE | |
| General note | Includes bibliographical references and index. |
| 650 ## - SUBJECT ADDED ENTRY--TOPICAL TERM | |
| Topical term or geographic name as entry element | Civilization, Western |
| Form subdivision | Textbooks |
| General subdivision | History |
| 942 ## - ADDED ENTRY ELEMENTS (KOHA) | |
| Source of classification or shelving scheme | Library of Congress Classification |
| Koha item type | Books |
| Edition | Ninth ed. |
| Withdrawn status | Lost status | Source of classification or shelving scheme | Damaged status | Home library | Current library | Shelving location | Date acquired | Source of acquisition | Sub Shelving location | Total Checkouts | Full call number | Barcode | Date last seen | Price effective from | Koha item type |
|---|---|---|---|---|---|---|---|---|---|---|---|---|---|---|---|
| Library of Congress Classification | Luxembourg Library | Luxembourg Library | Teachers Reference Section | 02/08/2017 | Library Fund | CB 245 SP755 2015 | 20388 | 02/08/2017 | 02/08/2017 | Books |